000
00270nam a22001337a 4500
008
190305b xxu||||| |||| 00| 0 eng d
020
_a
471717150
041
_a
eng
080
_a
531
100
_a
43
101
_a
FIZ
245
_a
Physics
_c
Resnick
942
_2
udc
_c
BK
999
_c
54530
_d
54530